| 000 | 00787nam a2200253Ia 4500 | ||
|---|---|---|---|
| 003 | GCL | ||
| 008 | 140319s9999 xx 000 0 ara d | ||
| 040 |
_aGCL / _cGCL |
||
| 082 | 0 | 4 |
_a792.015 _bف م |
| 100 | 1 | _aفؤاد دواره | |
| 245 | 1 | 0 |
_aالمسرح المصرى 1987 / _cفؤاد دواره |
| 260 |
_aالقاهرة : _bالهيئة المصرية العامة للكتاب ، _c1989 |
||
| 300 |
_a512 ص ؛ _c24 سم |
||
| 650 | 0 | 4 | _aمصر |
| 650 | 0 | 4 | _aالمسرح |
| 650 | 0 | 4 | _aالمسرحيات |
| 650 | 0 | 4 | _aالفنون المسرحية |
| 650 | 0 | 4 | _aالمسارح |
| 650 | 0 | 4 | _aالطرق الفنية |
| 650 | 0 | 4 | _aالممثلون والممثلات |
| 650 | 0 | 4 | _aالانتاج المسرحى |
| 650 | 0 | 4 | _aتاريخ ونقد |
| 942 |
_2ddc _cBK |
||
| 999 |
_c28360 _d28360 |
||